000 00610nam a2200205Ia 4500
003 GCL
008 140319s9999 xx 000 0 ara d
040 _aGCL /
_cGCL
082 0 4 _a260.9
_bم ح
100 1 _aمحمد على حمد السيد ابى
245 1 0 _aحقيقة التصوف وكرامات الاولياء /
_cمحمد على حمد السيد ابى
300 _a85 ص
490 _a
650 0 4 _aتاريخ
650 0 4 _aالتصوف الاسلامى
650 0 4 _aالتصوف
650 0 4 _aالائمة والاولياء
650 0 4 _aالطرق الصوفية
942 _2ddc
_cBK
999 _c38690
_d38690